Franz Kafka ou Le cauchemar de la raison (Record no. 5931)
[ view plain ]
| 000 -LEADER | |
|---|---|
| campo de control de longitud fija | 00776nam a2200253 i 4500 |
| 001 - NÚMERO DE CONTROL | |
| campo de control | 5931 |
| 003 - IDENTIFICADOR DE NÚMERO DE CONTROL | |
| campo de control | ES-MaACL |
| 005 - FECHA Y HORA DE LA ÚLTIMA TRANSACCIÓN | |
| campo de control | 20230906144734.0 |
| 007 - CAMPO FIJO DE DESCRIPCIÓN FÍSICA--INFORMACIÓN GENERAL | |
| campo de control de longitud fija | t| |
| 008 - DATOS DE LONGITUD FIJA--INFORMACIÓN GENERAL | |
| campo de control de longitud fija | 890615s1988 fr ||||1|bfre d |
| 020 ## - NÚMERO INTERNACIONAL ESTÁNDAR DEL LIBRO | |
| Número Internacional Estándar del Libro | 2-02-009860-1 |
| 080 ## - NÚMERO DE LA CLASIFICACIÓN DECIMAL UNIVERSAL | |
| Número de la Clasificación Decimal Universal | 92 Kafka,Franz |
| 080 ## - NÚMERO DE LA CLASIFICACIÓN DECIMAL UNIVERSAL | |
| Número de la Clasificación Decimal Universal | 83(437)(Kafka,F.):92 |
| 100 1# - ENTRADA PRINCIPAL--NOMBRE DE PERSONA | |
| Nombre de persona | Pawel, Ernst. |
| 9 (RLIN) | 89692 |
| 245 10 - MENCIÓN DEL TÍTULO | |
| Título | Franz Kafka ou Le cauchemar de la raison |
| Resto del título | : biographie / |
| Mención de responsabilidad, etc. | traduite de l'americain par Michel Chion et Jean Guiloineau. |
| 260 ## - PUBLICACIÓN, DISTRIBUCIÓN, ETC. | |
| Lugar de publicación, distribución, etc. | Paris : |
| Nombre del editor, distribuidor, etc. | Seuil, |
| Fecha de publicación, distribución, etc. | 1988. |
| 300 ## - DESCRIPCIÓN FÍSICA | |
| Extensión | 476 p. ; |
| Dimensiones | 24 cm. |
| 500 ## - NOTA GENERAL | |
| Nota general | Bibliografia. |
| 500 ## - NOTA GENERAL | |
| Nota general | Indice. |
| 600 14 - PUNTO DE ACCESO ADICIONAL DE MATERIA--NOMBRE DE PERSONA | |
| Nombre de persona | Kafka, Franz- |
| Subdivisión general | Biografías. |
| 9 (RLIN) | 67401 |
| 700 1# - ENTRADA AGREGADA--NOMBRE PERSONAL | |
| Nombre de persona | Chion, Michel. |
| 9 (RLIN) | 38537 |
| 700 1# - ENTRADA AGREGADA--NOMBRE PERSONAL | |
| Nombre de persona | Guiloineau, Jean. |
| 9 (RLIN) | 60832 |
| 852 ## - LOCALIZACIÓN | |
| Ubicación | ES-MaACL |
| Número de control de estantería | L-13125 |
| Sublocalización o colección | R.116006 |
| Nota libre | . - rust. |
| Estatus retirado | Estado de pérdida | Estado de daño | No para préstamo | Biblioteca de origen | Biblioteca actual | Ubicación en estantería | Fecha de adquisición | Fuente de adquisición | Total de préstamos | Signatura topográfica completa | Código de barras | Visto por última vez | Precio de reemplazo | Tipo de ítem Koha |
|---|---|---|---|---|---|---|---|---|---|---|---|---|---|---|
| Biblioteca del Ateneo de Madrid | Biblioteca del Ateneo de Madrid | Depósito 2 | 17/01/2008 | L-13125 | 1006027 | 23/02/2023 | 23/02/2023 | Libro impreso |
